000
00285nam a2200145Ia 4500
100
_a
Jamsa/Kris
250
_a
1
942
_c
BK
654
_a
windows 3.0
245
_a
ABC''''of Windows 3.0
260
_b
BPB
_a
New Delhi
_c
1991
300
_a
326
546
_a
ENGLISH
999
_c
22909
_d
22909